Etikety v modernom obchode Ochranné a informačné médium

Etiketa - dôležité informačné médium v obchode. Rozdelenie etikiet podľa účelu. Značkové etikety. Termoetikety. Počítačové etikety. Akčné etikety. Etikety do laserových tlačiarní. Bezpečnostné etikety. Využitie etiketovacích klieští REALEX.

Uložené v:
Podrobná bibliografia
Médium: Kapitola
Jazyk:Slovak
Predmet:
Tagy: Pridať tag
Žiadne tagy, Buďte prvý, kto otaguje tento záznam!

MARC

LEADER 00000naa a2200000 4500
001 r027169
005 20230626070413.5
041 0 |a slo 
044 |a SK 
245 1 0 |a Etikety v modernom obchode  |b Ochranné a informačné médium 
520 |a Etiketa - dôležité informačné médium v obchode. Rozdelenie etikiet podľa účelu. Značkové etikety. Termoetikety. Počítačové etikety. Akčné etikety. Etikety do laserových tlačiarní. Bezpečnostné etikety. Využitie etiketovacích klieští REALEX. 
610 2 0 |a etikety 
610 2 0 |a výroba 
610 2 0 |a obchod 
610 2 0 |a technika obalová 
610 2 0 |a tlač 
610 2 0 |a REALEX International, s.r.o. Bratislava 
610 2 0 |a informácie